=LDR 00000nam 2200000 4500 =001 NUTBA000000000000275 =005 20140319165703.0 =006 =007 =008 =020 ##$$a 978-602-8674-58-4 =035 ##$$0010-031400000000274 =040 ##$$b Ind =082 ##$$a 610.212 =090 ##$$a 610.212$bMoc s =100 ##$$a Moch Imron =245 ##$$a Statistika kesehatan =260 ##$$a Jakarta $b Sagung Seto $c 2011 =300 ##$$a Xvi,244 Hlm$bIlus$c23 cm. =650 ##$$aKesehatan $x Statistik =850 ##$$a NBPNMAT =990 ##$$a 21301756 =990 ##$$a 90696/BPAP-NTB/2014 =990 ##$$a 21400613/BPAP-NTB/20142014 =990 ##$$a 21400613/BPAP-NTB/20142014 =990 ##$$a 0001/BPAP-NTB/20142015